| 000 | 00448 a2200157 4500 | ||
|---|---|---|---|
| 001 | 60102 | ||
| 082 | _a530 YOU | ||
| 090 |
_c36880 _d36880 |
||
| 100 |
_aSears and Zemansky's _aYoung, Hugh D. |
||
| 245 |
_aUniversity Physics: with modern Physics, 12th Ed _cSears and Zemansky's |
||
| 250 | _a12 | ||
| 260 |
_aDelhi _bPearson _c2009 |
||
| 300 | _axix, 1551 p.; A-21; c-2 ; I-24 | ||
| 500 | _aBE textbook H & S dept | ||
| 600 | _aFreedman, Roger A. | ||
| 942 |
_aNUST-CAE _k530 YOU |
||
| 999 |
_c295175 _d295175 |
||